ბათუმის შოთა რუსთაველის სახელმწიფო უნივერსიტეტის ბიბლიოთეკა

ამწე-სატრანსპორტო მანქანები. ნაწ.2 (ბიბ.ჩანაწერი № 35445)

000 -LEADER
fixed length control field 00754nam a2200205Ia 4500
001 - CONTROL NUMBER
control field 1303
003 - CONTROL NUMBER IDENTIFIER
control field GE_BSU
008 - FIXED-LENGTH DATA ELEMENTS--GENERAL INFORMATION
fixed length control field 181216s||||||||xx |||||||||||||| ||und||
040 ## - CATALOGING SOURCE
Transcribing agency GE_BSU
080 ## - UNIVERSAL DECIMAL CLASSIFICATION NUMBER
Universal Decimal Classification number 621.876(075.8)
245 ## - TITLE STATEMENT
Title ამწე-სატრანსპორტო მანქანები. ნაწ.2
245 ## - TITLE STATEMENT
Remainder of title ნაწილი II. სახელმძღვ. უმაღლ. ტექნიკ. სასწ. სტუდენტებისათვის.
260 ## - PUBLICATION, DISTRIBUTION, ETC.
Place of publication, distribution, etc. თბილისი
260 ## - PUBLICATION, DISTRIBUTION, ETC.
Name of publisher, distributor, etc. განათლება
260 ## - PUBLICATION, DISTRIBUTION, ETC.
Date of publication, distribution, etc. 1977
300 ## - PHYSICAL DESCRIPTION
Extent 224 გვ. 25 სმ.
653 ## - INDEX TERM--UNCONTROLLED
Uncontrolled term ამწე-სატრანსპორტო მანქანები.
942 ## - ADDED ENTRY ELEMENTS (KOHA)
Koha item type წიგნი
ეგზემპლარები
Withdrawn status Lost status Damaged status Not for loan Date acquired Barcode Date last seen Price effective from Koha item type
        2018-12-17 2760 2018-12-17 2018-12-17 წიგნი